Culture Générale - Clic Quiz - La réponse est en image #5 - Statistiques

Statistiques générales
  • Ce quiz a été pris 599 fois
    193 depuis la dernière actualisation
  • Le résultat moyen est 25 sur 40
Statistiques - réponses
Hint Réponse % Correct
Pikachu
95%
Carrefour
93%
Michelin
93%
Le chanteur Michael Jackson
93%
Total
92%
Miaouss
90%
Veolia
84%
Accor
84%
L'actrice Emma Watson
84%
Salamèche
84%
Mew
80%
Carapuce
80%
Le chanteur Kurt Cobain
78%
Le chanteur Serge Gainsbourg
78%
Laos
77%
Namibie
72%
Ethiopie
71%
L'actrice Kristen Stewart
69%
Le golfeur Scottie Scheffler
67%
L'actrice Megan Fox
67%
Djibouti
63%
Le chanteur Julio Iglesias
61%
L'actrice Denise Richards
60%
Gironde
58%
Tonga
58%
Marne
51%
L'actrice Dakota Fanning
51%
Pas-de-Calais
50%
La biathlète Lou Jeanmonnot
48%
La biathlète Justine Braisaz-Bouchet
47%
Le chanteur Viktor Tsoï
45%
Drôme
42%
Gard
37%
La biathlète Julia Simon
29%
La biathlète Ingrid Landmark Tandrevold
29%
La biathlète Lisa Vittozzi
26%
Le golfeur Bryson DeChambeau
25%
Le golfeur Rory McIlroy
21%
Le golfeur Matthieu Pavon
18%
Le golfeur Phil Mickelson
16%
Aucun quiz correspondant
Distribution des résultats
% des personnes avec chaque résultat
Percentile par nombre de réponses
Votre historique - résultats
Vous n’avez pas pris ce quiz depuis la dernière actualisation